000 00729 a2200241 4500
005 20251231122612.0
008 251231b |||||||| |||| 00| 0 eng d
020 _a9780761874409 (hbk)
037 _cTB
040 _aAL
_cAL
041 _2eng
_aeng
084 _aR:(Q) R4
_qAL
100 _aMeierding, Loren
_9846386
245 _aRational belief in god and the soul:
_bevidence from natural and revealed religion
260 _bHamilton Books
_c2024
300 _a221p.
365 _b69.00
_cUKP
650 _2PHILOSOPHY
650 _2RELIGION
700 _aMeierding, Loren
_eAuthor
_9860613
942 _cTB
_2CC
_n0
_hR:(Q) R4
999 _c1463934
_d1463934